Digital fundamentals / (Record no. 183627)
[ view plain ]
| 000 -LEADER | |
|---|---|
| fixed length control field | 01174 a2200217 4500 |
| 003 - CONTROL NUMBER IDENTIFIER | |
| control field | Nust |
| 005 - DATE AND TIME OF LATEST TRANSACTION | |
| control field | 20221118122411.0 |
| 010 ## - LIBRARY OF CONGRESS CONTROL NUMBER | |
| LC control number | 2002019750 |
| 020 ## - INTERNATIONAL STANDARD BOOK NUMBER | |
| International Standard Book Number | 0130942006 (alk. paper) |
| 040 ## - CATALOGING SOURCE | |
| Transcribing agency | Nust |
| 082 00 - DEWEY DECIMAL CLASSIFICATION NUMBER | |
| Classification number | 621.381,FLO |
| 100 1# - MAIN ENTRY--PERSONAL NAME | |
| Personal name | Floyd, Thomas L. |
| 9 (RLIN) | 10192 |
| 245 10 - TITLE STATEMENT | |
| Title | Digital fundamentals / |
| Statement of responsibility, etc. | Thomas L. Floyd. |
| 250 ## - EDITION STATEMENT | |
| Edition statement | 8th ed. |
| 260 ## - PUBLICATION, DISTRIBUTION, ETC. | |
| Place of publication, distribution, etc. | Upper Saddle River, N.J. : |
| Name of publisher, distributor, etc. | Prentice Hall, |
| Date of publication, distribution, etc. | 2003. |
| 300 ## - PHYSICAL DESCRIPTION | |
| Extent | xvii, 942 p. : |
| Other physical details | ill. (some col.) ; |
| Dimensions | 28 cm. + |
| Accompanying material | 2 CD-ROMs (4 3/4 in.) |
| 505 ## - FORMATTED CONTENTS NOTE | |
| Formatted contents note | Introductory Digital Concepts (Page-3), Number Systems Operations and Codes (Page-40), Logic Gates (Page-104), Boolean Algebra and Logic Simplification (Page-168), Combinational Logic (Page-236), Functions of Combinational Logic (Page-288), Combinational Logic (Page-362), Flip Flops (Page-392), Counters (Page-458), Shift Register (Page-530), Sequential Logic (Page-582),Memory and Storage (Page-616),Introduction to Microprocessors Computer and Buses (Page-692), Introduction to Digital Signal Processing (Page-756) , Integrated Circuits Technologies (Page-798), |
| 650 #0 - SUBJECT ADDED ENTRY--TOPICAL TERM | |
| Topical term or geographic name entry element | Digital electronics. |
| 650 #0 - SUBJECT ADDED ENTRY--TOPICAL TERM | |
| Topical term or geographic name entry element | Logic circuits. |
| 9 (RLIN) | 17982 |
| 942 ## - ADDED ENTRY ELEMENTS (KOHA) | |
| Source of classification or shelving scheme | |
| Koha item type | Book |
| Withdrawn status | Lost status | Source of classification or shelving scheme | Damaged status | Not for loan | Collection code | Permanent Location | Current Location | Date acquired | Total Checkouts | Full call number | Barcode | Date last seen | Price effective from | Koha item type | Shelving location | Public note | Date last checked out |
|---|---|---|---|---|---|---|---|---|---|---|---|---|---|---|---|---|---|
| Military College of Signals (MCS) | Military College of Signals (MCS) | 12/12/2016 | 621.381 FLO | MCS28950 | 12/08/2016 | 12/12/2016 | Book | ||||||||||
| Military College of Signals (MCS) | Military College of Signals (MCS) | 12/12/2016 | 621.381,FLO | MCS36275 | 12/08/2016 | 12/12/2016 | Book | General Stacks | Almirah No.31, Shelf No.2 | ||||||||
| Military College of Signals (MCS) | Military College of Signals (MCS) | 12/12/2016 | 2 | 621.381,FLO | MCS36291 | 04/17/2024 | 12/12/2016 | Book | General Stacks | Almirah No.31, Shelf No.2 | 04/16/2024 | ||||||
| Military College of Signals (MCS) | Military College of Signals (MCS) | 11/18/2022 | 3 | 621.381,FLO | MCS37030 | 09/17/2025 | 11/18/2022 | Book | General Stacks | Almirah No.31, Shelf No.2 | 09/03/2025 | ||||||
| Military College of Signals (MCS) | Military College of Signals (MCS) | 04/02/2024 | 2 | 621.381,FLO | MCS36303 | 01/16/2025 | 04/02/2024 | Book | General Stacks | Almirah No.31, Shelf No.2 | 04/19/2024 |
